000 00660nam a2200181 a 4500
003 PILC
005 20150112093436.0
008 100727s19uu xx 00 eng d
050 _aTD 801
_b.D721 2002
082 _aSFf 577
_bD72 2002
100 _aEarth Day Network Philippines
_916028
245 _aDoon po sa amin :
_b100 models for ecological waste management(segregating composing and recycling) metro manila, luzon, visayas, mindanao/
260 _aPasig City, Philippines :
_bEarth Day Network Philippines,
_c2002.
300 _a204 pages :
_billustration ;
_c21 cm.
650 _aEcology
_916029
650 _aWaste management
_916030
942 _2lcc
_cBK
999 _c14557
_d14557